1948 1399 1761 1074 1194 1277 1646 1318 1380 1423 1114 1138 1819 1775 1251 1716 1175 1953 1903 1584 1339 1205 1475 1030 1452 1124 1336 1840 1757 1681 1246 1206 1511 1359 1185 1510 1805 1511 1239 1135 1994 1256 1522 1485 1712 1287 1562 1379 1653 1486 1682 1364 1711 1766 1415 1641 1161 1739 1994 1964 1389 1663 1745 1024 1781 1236 1506 1949 1476 1167 1617 1300 1705 1462 1263 1403 1676 1604 1107 1818 1139 1350 1656 1863 1013 1022 1838 1408 1362 1240 1294 1278 1709 1391 1511 1705 1263 1296 1354 BCNSPRNW ULIB Ver.6.0+V

เปลี่ยนเป็นภาษาไทย

Change to English
 แสดงรายละเอียดบรรณานุกรม
  กลับหน้าหลัก

Brief Record : Get Marc (ISO 2709) : E-mail record : QR code < ปิดหน้าต่าง
LEADER : 00000nam 2200000uu 4500
001    13399113812
003     ULIB
008    120109s2550||||th 000 0 tha d
020    ^a9746453378 (ล.1)
060 04 ^aWA308^bส719อ ล.1 2550
245 00 ^aเอกสารการสอนชุดวิชาอนามัยครอบครัวในงานสาธารณสุข หน่วยที่1-5=^bFamilyhealth in public health work /^cสาขาวิชาวิทยาศาสตร์สุขภาพ มหาวิทยาลัยสุโขทัยธรรมาธิราช
246 30 ^aอนามัยครอบครัวในงานสาธารณสุข
246 31 ^aFamily health in public health work
250    ^aพิมพ์ครั้งที่ 2
260    ^aนนทบุรี :^bสำนักพิมพ์มหาวิทยาลัยสุโขทัยธรรมาธิราช,^c2550
300    ^a3 เล่ม :^bภาพประกอบ ;^c30 ซม.
500    ^aสิ่งพิมพ์ของมหาวิทยาลัยสุโขทัยธรรมาธิราชสาขาวิชาวิทยาศาสตร์สุขภาพ
650  7 ^aอนามัยครอบครัว
650  7 ^aสาธารณสุข
710 2  ^aมหาวิทยาลัยสุโขทัยธรรมาธิราช. ^bสาขาวิชาวิทยาศาสตร์สุขภาพ
945    ^p0^l0^i14588
945    ^p0^l0^i14590
945    ^p0^l0^i14589
995    ^aกัณชพร
999 ^a ใช้งานได้ทุกระบบ
รายการนี้ยังไม่มีแท็ก
คุณยังไม่ได้ล็อกอิน คุณสามารถมีกิจกรรมร่วมกับเว็บไซต์ได้ แต่ต้องล็อกอินก่อน ::
  ล็อกอิน

รายการสื่อสารสนเทศ

ลำดับที่ ประเภท เลขเรียก/บาร์โค้ด สถานที่ สถานะ
- ไม่พบข้อมูล -

รายการใกล้เคียง
    หัวเรื่อง [อนามัยครอบครัว]
    หัวเรื่อง [สาธารณสุข]

BibComment


ยังไม่เคยถูกคอมเมนท์

คอมเมนท์ทรัพยากรรายการนี้
  คอมเมนท์: เอกสารการสอนชุดว..


 Copyright 2026. Bcnsprnw @Library